10 Largest Countries in Asia Quiz Stats

 Plays Quiz Updated Jul 17, 2014

Support Sporcle.
Go Orange.
Score 0/10 Timer 03:00
1 Play Today
% Correct
China
97.4%
Russia
95.9%
India
91.8%
Saudi Arabia
85.7%
Mongolia
82.5%
Kazakhstan
81.3%
Iran
72%
Indonesia
70.6%
Turkey
63.2%
Pakistan
61.9%

You're not logged in!

Compare scores with friends on all Sporcle quizzes.
OR
Log In

From the Vault

Four Word Hints for Four Letter Films

by DarkPhalanx

Here are some very short plot descriptions to go with some very short movie titles.
Remove Ads.
Support Sporcle.
Get the best of Sporcle when you Go Orange. This ad-free experience offers more features, more stats, and more fun while also helping to support Sporcle. Thank you for becoming a member.

Show Comments

Extras

Top Quizzes Today


Score Distribution

Your Account Isn't Verified!

In order to create a playlist on Sporcle, you need to verify the email address you used during registration. Go to your Sporcle Settings to finish the process.

Report this User

Report this user for behavior that violates our Community Guidelines.

Details: